La matemática (Record no. 100673)
[ view plain ]
| 000 -LEADER | |
|---|---|
| campo de control de longitud fija | 00963nam a2200265 i 4500 |
| 001 - NÚMERO DE CONTROL | |
| campo de control | 100673 |
| 003 - IDENTIFICADOR DE NÚMERO DE CONTROL | |
| campo de control | ES-MaACL |
| 005 - FECHA Y HORA DE LA ÚLTIMA TRANSACCIÓN | |
| campo de control | 20250903011158.0 |
| 007 - CAMPO FIJO DE DESCRIPCIÓN FÍSICA--INFORMACIÓN GENERAL | |
| campo de control de longitud fija | t| |
| 008 - DATOS DE LONGITUD FIJA--INFORMACIÓN GENERAL | |
| campo de control de longitud fija | 051004s1974 sp d |||| | spa d |
| 080 ## - NÚMERO DE LA CLASIFICACIÓN DECIMAL UNIVERSAL | |
| Número de la Clasificación Decimal Universal | 51 |
| 245 03 - MENCIÓN DEL TÍTULO | |
| Título | La matemática |
| Resto del título | : su contenido, métodos y significado / |
| Mención de responsabilidad, etc. | A. D. Aleksandrov, A. N. Kolmogorov, M. A. Laurentiev ; versión, Manuel López Rodríguez, Eduardo Abad Rius, Andrés Ruiz Merino. |
| 260 ## - PUBLICACIÓN, DISTRIBUCIÓN, ETC. | |
| Lugar de publicación, distribución, etc. | Madrid : |
| Nombre del editor, distribuidor, etc. | Alianza, |
| Fecha de publicación, distribución, etc. | 1974. |
| 300 ## - DESCRIPCIÓN FÍSICA | |
| Extensión | 3 v. : |
| Otras características físicas | gráf. ; |
| Dimensiones | 20 cm. |
| 490 1# - MENCIÓN DE SERIE | |
| Mención de serie | Alianza universidad ; |
| Designación de volumen o secuencia | 68-70 |
| 650 07 - PUNTO DE ACCESO ADICIONAL DE MATERIA--TÉRMINO DE MATERIA | |
| Término de materia o nombre geográfico como elemento de entrada | Matemáticas |
| Fuente del encabezamiento o término | embne |
| 9 (RLIN) | 14814 |
| 700 1# - ENTRADA AGREGADA--NOMBRE PERSONAL | |
| Nombre de persona | Aleksandrov, Aleksandr Danilovich. |
| 9 (RLIN) | 149867 |
| 700 1# - ENTRADA AGREGADA--NOMBRE PERSONAL | |
| Nombre de persona | López Rodríguez, Manuel. |
| 9 (RLIN) | 73933 |
| 700 1# - ENTRADA AGREGADA--NOMBRE PERSONAL | |
| Nombre de persona | Abad Rius, Eduardo, |
| 9 (RLIN) | 17938 |
| 700 1# - ENTRADA AGREGADA--NOMBRE PERSONAL | |
| Nombre de persona | Ruiz Merino, Andrés. |
| 9 (RLIN) | 100875 |
| 830 0# - PUNTO DE ACCESO ADICIONAL DE SERIE-TÍTULO UNIFORME | |
| Título uniforme | Alianza universidad ; |
| Designación de volumen o secuencia | 68-70 |
| 9 (RLIN) | 177276 |
| 852 ## - LOCALIZACIÓN | |
| Ubicación | ES-MaACL |
| Número de control de estantería | C-56760-62 |
| 852 ## - LOCALIZACIÓN | |
| Ubicación | ES-MaACL |
| Número de control de estantería | E-6363-65 |
| Estatus retirado | Estado de pérdida | Estado de daño | No para préstamo | Biblioteca de origen | Biblioteca actual | Ubicación en estantería | Fecha de adquisición | Fuente de adquisición | Total de préstamos | Signatura topográfica completa | Código de barras | Visto por última vez | Precio de reemplazo | Tipo de ítem Koha |
|---|---|---|---|---|---|---|---|---|---|---|---|---|---|---|
| Biblioteca del Ateneo de Madrid | Biblioteca del Ateneo de Madrid | Depósito 2 | 17/01/2008 | E-6363-65 | 1105109 | 23/02/2023 | 23/02/2023 | Libro impreso | ||||||
| Biblioteca del Ateneo de Madrid | Biblioteca del Ateneo de Madrid | Depósito 2 | 17/01/2008 | C-56760-62 | 1105108 | 23/02/2023 | 23/02/2023 | Libro impreso |
